[Event "Stay Safe Play From Home 307"]
[Site "Emanuel Lasker Arena"]
[Date "2020.07.16"]
[Round "7"]
[White "Greblha"]
[Black "Lamborghini"]
[Result "0-1"]
[WhiteElo "1914"]
[BlackElo "2211"]
[Annotator "TA"]
[PlyCount "92"]
[EventDate "2020.07.16"]
[EventType "swiss (blitz)"]

{[%evp 11,92,44,77,0,16,-44,-37,-37,-45,-37,-28,-44,-30,-35,-38,-229,-142,-167,-112,-118,-102,-113,-127,-117,-91,-93,-99,-87,-94,-218,-222,-212,-217,-292,-288,-450,-247,-652,-648,-698,-706,-714,-725,-754,-590,-971,-971,-966,-965,-962,-960,-920,-945,-927,-926,-900,-871,-866,-845,-962,-931,-910,-877,-1758,-1334,-5256,-1150,-1624,-1610,-5916,-5708,-29989,-29990,-29991,-29992,-29992,-29993,-29993,-29991,-29992,-29992,-29992,-29991]} 1. e4 d6 2. d4 Nf6 3. Nc3 g6 4. f3 Bg7 5. Be3 O-O 6. Qd2 Nc6 7. d5 {B07: Pirc Defence: Miscellaneous Systems.} (7. O-O-O $16) 7... Ne5 $11 8. Bh6 {[#]} (8. g4 $11) 8... Bxh6 $146 ({Predecessor:} 8... c6 9. dxc6 bxc6 10. g4 Qb6 11. O-O-O Bd7 12. Bxg7 Kxg7 13. h4 Rfb8 14. b3 a5 {½-½ (21) Proettel,E (1333)-Bangiev,K (1003) Willingen 2019}) 9. Qxh6 {Black is slightly better.} c6 10. h4 cxd5 11. Nxd5 Nxd5 12. exd5 Bf5 {Threatens to win with ...Qb6.} 13. h5 $2 ({White should play} 13. Nh3 $15 f6 14. c3) 13... Bxc2 14. Ne2 Qa5+ (14... Qb6 $19 15. hxg6 Bxg6) 15. Nc3 $17 Rac8 {aiming for ...Rxc3.} 16. hxg6 Bxg6 {...Rxc3 is the strong threat.} 17. Qd2 Rc5 18. f4 Nc4 19. Bxc4 Rxc4 20. g4 (20. O-O $17 {might work better.}) 20... f5 $19 21. g5 {[#]} Rfc8 $1 22. Rc1 Qc5 23. Ke2 (23. Kf1 $142) 23... b5 (23... Rd4 $142 24. Qe3 Qc4+ 25. Kf2 Rxf4+ 26. Kg3 Rg4+ 27. Kf2 Rc5) 24. Qe3 $2 (24. Kf3) 24... b4 25. Qxc5 R8xc5 26. Kd3 bxc3 27. bxc3 Ra4 28. Rh2 Rxd5+ 29. Ke3 Re4+ 30. Kf3 Rd3+ 31. Kf2 Rd2+ 32. Kg1 Rxh2 33. Kxh2 {[%mdl 4096] Endgame KRB-KR} Bf7 34. Kg3 Bxa2 35. Kf3 Bc4 36. Kg3 Bd5 37. g6 Re3+ 38. Kh4 Rf3 39. gxh7+ Kxh7 40. Rg1 Kh6 41. Rg2 Rxf4+ {[%mdl 64] [#] Discovered Attack. Black mates.} 42. Kh3 Bxg2+ 43. Kxg2 Kg5 44. Kg3 Rc4 45. Kg2 Rxc3 46. Kf2 Rc2+ {Accuracy: White = 33%, Black = 63%.} 0-1

[Event "Stay Safe Play From Home 307"]
[Site "Emanuel Lasker Arena"]
[Date "2020.07.16"]
[Round "7"]
[White "GIULIO19031975"]
[Black "Buzaglo"]
[Result "0-1"]
[WhiteElo "1784"]
[BlackElo "1973"]
[Annotator "NA RC"]
[PlyCount "102"]
[EventDate "2020.07.16"]
[EventType "swiss (blitz)"]

1. e4 {[%emt 0:00:03]} e6 {[%emt 0:00:00]} 2. Nf3 {[%emt 0:00:01]} d5 {[%emt 0:00:00]} 3. exd5 {[%emt 0:00:01]} exd5 {[%emt 0:00:00]} 4. d4 {[%emt 0:00:00]} Nf6 {[%emt 0:00:00]} 5. Be2 {[%emt 0:00:00]} c5 {[%emt 0:00:00]} 6. h3 {[%emt 0:00:00]} cxd4 {[%emt 0:00:00]} 7. Qxd4 {[%emt 0:00:01]} Nc6 {[%emt 0:00:00]} 8. Bb5 {[%emt 0:00:01]} Bd6 {[%emt 0:00:04]} 9. Bxc6+ {[%emt 0:00:01]} bxc6 {[%emt 0:00:01]} 10. O-O {[%emt 0:00:01]} O-O {[%emt 0:00:01]} 11. Re1 {[%emt 0:00:00]} Bb7 {[%emt 0:00:01]} 12. Nc3 {[%emt 0:00:01]} c5 {[%emt 0:00:01]} 13. Qh4 {[%emt 0:00:01]} d4 {[%emt 0:00:01]} 14. Ne2 {[%emt 0:00:02]} Nd5 {[%emt 0:00:04]} 15. Ng3 {[%emt 0:00:03]} Qxh4 {[%emt 0:00:01]} 16. Nxh4 {[%emt 0:00:01]} Nb4 {[%emt 0:00:00]} 17. c3 {[%emt 0:00:01]} Nc2 {[%emt 0:00:01]} 18. Bg5 {[%emt 0:00:02]} Nxa1 {[%emt 0:00:01]} 19. Rxa1 {[%emt 0:00:01]} dxc3 {[%emt 0:00:00]} 20. bxc3 {[%emt 0:00:02]} Bxg3 {[%emt 0:00:01]} 21. fxg3 {[%emt 0:00:01]} h6 {[%emt 0:00:00]} 22. Bf4 {[%emt 0:00:01]} g5 {[%emt 0:00:01]} 23. Bxg5 {[%emt 0:00:03]} hxg5 {[%emt 0:00:00]} 24. Nf5 {[%emt 0:00:01]} Rfe8 {[%emt 0:00:02]} 25. Rc1 {[%emt 0:00:01]} Re5 {[%emt 0:00:02]} 26. g4 {[%emt 0:00:01]} Rxf5 {[%emt 0:00:02]} 27. gxf5 {[%emt 0:00:01]} Rd8 {[%emt 0:00:00]} 28. Rb1 {[%emt 0:00:01]} Be4 {[%emt 0:00:03]} 29. Rb8 {[%emt 0:00:02]} Rxb8 {[%emt 0:00:02]} 30. Kf2 {[%emt 0:00:01]} Bxf5 {[%emt 0:00:01]} 31. Kf3 {[%emt 0:00:00]} Bg6 {[%emt 0:00:01]} 32. g4 {[%emt 0:00:00]} Rb2 {[%emt 0:00:01]} 33. Ke3 {[%emt 0:00:01]} Rxa2 {[%emt 0:00:02]} 34. c4 {[%emt 0:00:00]} Ra3+ {[%emt 0:00:02]} 35. Kd2 {[%emt 0:00:01]} Rxh3 {[%emt 0:00:00]} 36. Ke2 {[%emt 0:00:00]} Kg7 {[%emt 0:00:01]} 37. Kf2 {[%emt 0:00:02]} Kf6 {[%emt 0:00:00]} 38. Kg2 {[%emt 0:00:00]} Rc3 {[%emt 0:00:01]} 39. Kf2 {[%emt 0:00:01]} Ke5 {[%emt 0:00:00]} 40. Ke2 {[%emt 0:00:00]} Kd4 {[%emt 0:00:00]} 41. Kd2 {[%emt 0:00:01]} Kxc4 {[%emt 0:00:01]} 42. Ke2 {[%emt 0:00:01]} f5 {[%emt 0:00:02]} 43. Kf2 {[%emt 0:00:00]} fxg4 {[%emt 0:00:01]} 44. Kg2 {[%emt 0:00:01]} a5 {[%emt 0:00:00]} 45. Kh2 {[%emt 0:00:07]} a4 {[%emt 0:00:00]} 46. Kg1 {[%emt 0:00:01]} a3 {[%emt 0:00:00]} 47. Kf2 {[%emt 0:00:01]} a2 {[%emt 0:00:00]} 48. Ke2 {[%emt 0:00:00]} a1=Q {[%emt 0:00:00]} 49. Kd2 {[%emt 0:00:00]} Rb3 {[%emt 0:00:01]} 50. Ke2 {[%emt 0:00:02]} Qa2+ {[%emt 0:00:03]} 51. Ke1 {[%emt 0:00:01]} Rb1# {[%emt 0:00:00] (Lag: Av=0.54s, max=1.0s)} 0-1

[Event "Stay Safe Play From Home 307"]
[Site "Emanuel Lasker Arena"]
[Date "2020.07.16"]
[Round "7"]
[White "Bishop91"]
[Black "Haris kollari 13"]
[Result "1-0"]
[WhiteElo "1707"]
[BlackElo "1682"]
[Annotator "NA RC"]
[PlyCount "67"]
[EventDate "2020.07.16"]
[EventType "swiss (blitz)"]

1. c4 {[%emt 0:00:01]} d5 {[%emt 0:00:01]} 2. g3 {[%emt 0:00:00]} dxc4 {[%emt 0:00:01]} 3. Bg2 {[%emt 0:00:00]} c6 {[%emt 0:00:01]} 4. Nf3 {[%emt 0:00:00]} Bg4 {[%emt 0:00:02]} 5. O-O {[%emt 0:00:00]} e6 {[%emt 0:00:01]} 6. a4 {[%emt 0:00:01]} a6 {[%emt 0:00:03]} 7. Nc3 {[%emt 0:00:01]} Bd6 {[%emt 0:00:02]} 8. Qc2 {[%emt 0:00:01]} Ne7 {[%emt 0:00:01]} 9. Ne4 {[%emt 0:00:03]} Bc7 {[%emt 0:00:03]} 10. Qxc4 {[%emt 0:00:02]} O-O {[%emt 0:00:01]} 11. d3 {[%emt 0:00:02]} Bf5 {[%emt 0:00:02]} 12. Nc3 {[%emt 0:00:03]} Nd7 {[%emt 0:00:03]} 13. Be3 {[%emt 0:00:03]} b5 {[%emt 0:00:02]} 14. axb5 {[%emt 0:00:02]} axb5 {[%emt 0:00:01]} 15. Qb3 {[%emt 0:00:00]} Rxa1 {[%emt 0:00:03]} 16. Rxa1 {[%emt 0:00:02]} Qb8 {[%emt 0:00:00]} 17. Qa3 {[%emt 0:00:03]} Nd5 {[%emt 0:00:02]} 18. Nxd5 {[%emt 0:00:02]} exd5 {[%emt 0:00:01]} 19. Nd4 {[%emt 0:00:02]} Bd6 {[%emt 0:00:06]} 20. Qa7 {[%emt 0:00:02]} Be6 {[%emt 0:00:02]} 21. Qxb8 {[%emt 0:00:03]} Bxb8 {[%emt 0:00:02]} 22. Nxc6 {[%emt 0:00:00]} Bd6 {[%emt 0:00:02]} 23. Nd4 {[%emt 0:00:01]} Ne5 {[%emt 0:00:03]} 24. Nxe6 {[%emt 0:00:02]} fxe6 {[%emt 0:00:01]} 25. Bf4 {[%emt 0:00:00]} Nf7 {[%emt 0:00:06]} 26. d4 {[%emt 0:00:01]} Bxf4 {[%emt 0:00:01]} 27. gxf4 {[%emt 0:00:00]} Nd8 {[%emt 0:00:01]} 28. e3 {[%emt 0:00:00]} Nc6 {[%emt 0:00:01]} 29. Kf1 {[%emt 0:00:00]} Nb4 {[%emt 0:00:01]} 30. Ke2 {[%emt 0:00:00]} Rc8 {[%emt 0:00:01]} 31. Rd1 {[%emt 0:00:02]} Rc2+ {[%emt 0:00:01]} 32. Rd2 {[%emt 0:00:00]} Rc1 {[%emt 0:00:01]} 33. Bf3 {[%emt 0:00:02]} Rg1 {[%emt 0:00:02]} 34. Bh5 {[%emt 0:00:02] Time (Lag: Av=0.37s, max=1.0s)} 1-0

[Event "Stay Safe Play From Home 307"]
[Site "Emanuel Lasker Arena"]
[Date "2020.07.16"]
[Round "8"]
[White "Hetou"]
[Black "Lazieri3"]
[Result "1/2-1/2"]
[WhiteElo "2522"]
[BlackElo "2117"]
[Annotator "TA"]
[PlyCount "179"]
[EventDate "2020.07.16"]
[EventType "swiss (blitz)"]

{[%evp 9,179,-122,-120,-124,-99,-119,-93,-122,-63,-112,-83,-79,-65,-118,-121,-130,-118,-133,-54,-61,-62,-104,-91,-118,-9,-6,-8,-54,-17,-24,-12,-15,-12,-12,-5,-18,-12,-50,1,1,3,2,8,8,10,4,8,8,8,8,8,8,8,0,8,8,8,0,8,0,0,0,0,0,10,10,10,10,81,81,81,81,81,81,81,88,285,8,8,8,321,321,321,321,29979,29980,29984,29985,29985,29986,29987,29987,29989,29990,29990,0,0,0,0,0,0,0,0,0,0,-8,-8,-8,-8,-8,-8,-138,-138,-29978,-29979,-29979,-29980,-29986,-8,-21,-8,-29982,-29983,-29984,-29984,-29986,-8,-8,-8,-8,-8,-8,-8,-8,-8,-8,0,-8,0,-8,-8,-8,0,-8,0,-8,0,-29982,0,-29987,0,-8,0,-29990,-29989,-29989,-29988,-29988,-29987,-29990,-29989,-29989,-29989,-29989,-29988,-29990,-29989,-29989,-29987,-29992,-29986,-29993]} 1. d4 c6 2. Nc3 d5 3. e4 dxe4 4. Nxe4 Nd7 5. Nc5 {[#]} Nxc5 $146 ({Predecessor:} 5... Ngf6 6. Bd3 h6 7. Ne6 Qb6 8. Bf4 fxe6 9. Bg6+ Kd8 10. Nf3 Nd5 11. Bg3 h5 12. Ng5 N7f6 {1-0 (48) Baris,A-Tepeli,H (2086) Kusadasi 2004}) 6. dxc5 {B17: Caro-Kann: Modern Line (4...Nd7).} Qxd1+ 7. Kxd1 Nf6 8. Be3 {Black is better.} Bf5 ({Black should try} 8... Nd5 $17 9. Nf3 e5 $1 {[%mdl 512]} 10. Nxe5 Nxe3+ 11. fxe3 Bxc5) 9. h3 O-O-O+ 10. Kc1 e6 {...Nd5 is the strong threat.} 11. a3 (11. b4 $15) 11... Nd5 $17 12. b4 Nxe3 13. fxe3 Be4 ({Better is} 13... g6 $17 14. Nf3 Bh6) 14. Nf3 $15 Be7 15. Bc4 Bf6 16. Rb1 Bc3 (16... b5 $17 17. cxb6 axb6) 17. Rb3 $11 Bxf3 18. gxf3 (18. Rxc3 {seems wilder.} Bd5 19. Rf1 Rhf8 20. Bd3 Bxg2 21. Rg1) 18... Bf6 (18... Bd2+ {with more complications.} 19. Kb2 a5 20. e4 Kc7 21. Be2 Rd4) 19. Rd1 Rxd1+ 20. Kxd1 {[%mdl 4096] Endgame KRB-KRB} Rd8+ 21. Ke2 Kc7 22. Rd3 (22. f4 {seems wilder.} b6 23. cxb6+ axb6 24. Bd3 b5 25. c4) 22... Rxd3 23. cxd3 {KB-KB} (23. Kxd3 {looks sharper.} Kd7 24. a4 g5 25. c3 Be5 26. Bb3) 23... a6 (23... Bb2 $15) 24. d4 g6 25. f4 h5 26. Kd3 Be7 27. Ke4 Bf6 28. Kf3 Kd7 29. Bb3 Kc7 30. Bd1 Kd7 31. Ke4 Ke7 32. Kd3 Bh4 33. Kc4 Bf2 34. Kd3 Be1 35. Bf3 Kd7 36. e4 Bg3 37. f5 gxf5 38. exf5 exf5 (38... h4 $11 {remains equal.}) 39. Bxh5 $16 Ke6 40. Bf3 f4 41. Kc4 Bf2 42. a4 {[%cal Ba3a4,Ba4b5,Bb5b6][%mdl 32]} Be3 $2 (42... Kd7 $16 {was necessary.}) 43. b5 $2 (43. d5+ $18 Kd7 44. dxc6+ bxc6 45. h4) 43... axb5+ 44. axb5 Kd7 $2 {[%mdl 8192]} (44... cxb5+ $11 {and Black is okay.} 45. Kd3 (45. Kxb5 Bxd4 46. Bxb7 Kf5 $11) 45... b4) 45. d5 $18 cxd5+ 46. Bxd5 (46. Kxd5 Bf2 $16) 46... f6 $2 (46... Kc7 $18 47. b6+ (47. Bxf7 f3 $14) 47... Kb8) 47. Bxb7 Kc7 48. Bf3 Bf2 49. b6+ Kb8 50. Kb5 Kc8 51. c6 Bxb6 52. c7 $2 (52. Kxb6 Kd8 53. c7+ Kd7 54. Bc6+ Ke7 55. c8=Q f5 56. Qxf5 f3 57. Bxf3 Ke8 58. Qf6 Kd7 59. Bc6+ Kc8 60. Qh8#) 52... Bxc7 $11 53. h4 Kd8 54. h5 Ke7 55. Kc6 Be5 56. Kd5 Kf7 57. h6 Kg6 58. h7 Kxh7 59. Ke6 Kg6 60. Be4+ (60. Be2 $11 {keeps the balance.}) 60... Kg5 $17 {Hoping for ...Kg4.} 61. Bf3 $2 {[%mdl 8192]} (61. Kd5 $17) 61... Kh4 $1 {[%cal Rh4g3]} 62. Kd5 Kg3 63. Ke4 {[#]} Bc7 $2 (63... f5+ $1 64. Kxe5 (64. Kxf5 Kxf3) 64... Kxf3 65. Kd4 Ke2 66. Ke5 f3 67. Ke6 f4 68. Kf5 Ke3 69. Kg4 f2 70. Kh4 f1=Q 71. Kg5 f3 72. Kf6 f2 73. Kg6 Qc4 74. Kh5 f1=Q 75. Kg6 Qg4+ 76. Kh7 Qfh3#) 64. Bh5 f5+ 65. Kd3 $2 {[%mdl 8192]} (65. Kxf5 $11 Bd6 66. Ke4) 65... f3 66. Kd2 f4 67. Ke1 Ba5+ $2 (67... Kg2 68. Kd2 f2 69. Bf7 f1=Q 70. Kc3 Qb5 71. Kd4 Qd7+ 72. Bd5+ f3 73. Kc5 {[#]} Bb6+ $1 {[%mdl 512]} 74. Kc4 Qa4+ 75. Kd3 Qd4+ {[%mdl 64] Double Attack} 76. Kc2 Qxd5 77. Kc3 f2 78. Kb4 f1=Q 79. Ka4 Qa1+ 80. Kb4 Ba5#) 68. Kf1 $11 f2 69. Be8 f3 70. Bc6 Be1 71. Bd7 Bd2 72. Be6 Be1 73. Bd5 Bd2 74. Bxf3 Be1 75. Be2 Bd2 76. Bd1 Be1 77. Bc2 Bd2 78. Ke2 $2 {[%mdl 8192]} (78. Bd1 $11) 78... Be1 $2 (78... Kg2 79. Be4+ Kg1 80. Kxd2 f1=Q 81. Kc3 Qf4 82. Kd3 Kf2 83. Bd5 Qb4 84. Bc4 Qc5 85. Bb3 Qd6+ 86. Kc4 Ke3 87. Ba4 Qb6 88. Kd5 Qd4+ 89. Kc6 Qxa4+ 90. Kc7 Kd4 91. Kd6 Qe8 92. Kc7 Kc5 93. Kb7 Qf7+ 94. Kc8 Kc6 95. Kd8 Qf8#) 79. Ba4 $2 {[%mdl 8192]} (79. Kf1 $11) 79... Bd2 $2 (79... Kg2 {mates} 80. Bc6+ Kg1 81. Ke3 f1=Q 82. Be4 Qf6 83. Ba8 Bc3 84. Be4 Qd4+ 85. Kf3 Bd2 86. Ke2 Qe3+ 87. Kd1 Qc3 88. Bh7 Bg5 89. Ke2 Qe3+ 90. Kd1 Qd2#) 80. Bc6 (80. Bc2 {feels hotter.}) 80... f1=Q+ 81. Kxd2 $2 {[%mdl 8192]} (81. Kxf1 $11 Bh6 82. Bh1) 81... Qf2+ {Black mates.} 82. Kd3 Qf6 83. Be4 Qf4 84. Bg6 Kf2 85. Bh7 Qe3+ 86. Kc4 Qe2+ 87. Kd5 Qg4 88. Be4 Qh5+ 89. Bf5 {[#]} Qg5 $1 90. Kd4 {[%mdl 32768] A wild game. Accuracy: White = 74%, Black = 68%. . An unexpected result.} 1/2-1/2

[Event "Stay Safe Play From Home 307"]
[Site "Emanuel Lasker Arena"]
[Date "2020.07.16"]
[Round "8"]
[White "Broken sword"]
[Black "Scorpio New"]
[Result "1-0"]
[WhiteElo "2462"]
[BlackElo "2078"]
[Annotator "TA"]
[PlyCount "135"]
[EventDate "2020.07.16"]
[EventType "swiss (blitz)"]

{[%evp 9,135,30,18,19,34,13,44,49,41,36,42,48,58,0,0,0,0,0,0,6,0,0,0,0,0,0,0,-6,27,-12,18,14,25,25,202,18,44,0,23,0,-6,-8,128,125,125,65,222,37,119,115,300,300,292,276,306,289,419,416,500,414,537,506,480,434,484,460,420,379,642,515,534,499,509,501,607,600,979,964,964,964,950,914,877,870,864,822,728,706,706,504,1191,1184,1169,1160,29981,29982,29982,29983,29983,29984,29985,29986,29986,29987,29987,29988,29990,29989,29989,29990,29990,29990,29990,29991,29991,29992,29992,29993,29994,29994,29994,29994,29996,29996,29997,29997,29997,852]} 1. d4 d6 2. Nf3 Nf6 3. Bg5 Nbd7 4. Nbd2 c6 5. c3 h6 6. Bh4 {A46: 1 d4 Nf6 2 Nf3 e6: Torre, London and Colle Systems.} Qc7 7. e3 e5 8. dxe5 {White is slightly better.} dxe5 9. Be2 {[#]} g6 $146 ({Predecessor:} 9... Be7 10. O-O O-O 11. Qc2 Re8 12. a4 Nf8 13. a5 Ng6 14. Bg3 Bg4 15. Bc4 Bf8 16. Qxg6 {1-0 (16) Diaz,C-Hidalgo Mendoza,E ICC INT 2009}) 10. O-O Bg7 11. Bg3 (11. Nc4 $14) 11... Nh5 $11 12. Nc4 Nxg3 13. Nd6+ Ke7 14. Nxc8+ Raxc8 15. hxg3 Rhd8 16. Qc2 Kf8 17. Rfd1 Nf6 18. Bc4 b5 19. Bb3 a5 {[#] And now ...a4 would win.} 20. a4 Rxd1+ 21. Rxd1 Rd8 $2 (21... Qe7 $11) 22. Rd2 $2 ({White has to play} 22. Rxd8+ $18 Qxd8 23. Nxe5) 22... Rxd2 23. Qxd2 Qd7 24. Qxd7 (24. Bc2 {seems wilder.} h5 25. Qe2 Ne8 26. Nd2 Bf6 27. Qd3) 24... Nxd7 {[%mdl 4096] Endgame KBN-KBN} 25. Nd2 b4 (25... Nc5 $11 {remains equal.}) 26. cxb4 $16 axb4 27. Bc4 ({Better is} 27. a5 $16) 27... Nc5 $2 (27... Bf6 $14) 28. b3 $2 (28. a5 $18) 28... Ke7 ({Black should play} 28... e4 $14) 29. a5 {Hoping for a6.} f5 $2 (29... Kd6 $16) 30. a6 $18 Nxa6 31. Bxa6 Kd6 32. Bc4 Kc5 (32... Ke7 $142 33. e4 Kf6) 33. Kf1 Bf6 34. Ke2 Bg5 35. Nf3 Bf6 {[#]} 36. e4 $1 h5 (36... fxe4 37. Nd2) 37. exf5 gxf5 38. Nd2 e4 $2 (38... Kd6 39. Bf7 h4 40. gxh4 Bxh4) 39. f3 Kd4 40. Be6 exf3+ 41. gxf3 Ke5 42. Bf7 h4 43. gxh4 Bxh4 44. Nc4+ Kd4 45. Nd6 Ke5 46. Nb7 Be7 47. Na5 Kd6 48. Bc4 Kc5 49. Be6 Kb6 (49... f4 $142 50. Kd3 Kb6 51. Nc4+ Kc7) 50. Nc4+ Kc5 51. Bxf5 Bd6 52. Nxd6 {White mates.} Kxd6 {KB-KPP} 53. Kd3 Ke5 54. Be4 c5 55. Kc4 Kd6 56. f4 Kc7 57. Kxc5 Kd8 58. Kxb4 Ke7 59. Kc5 Kf6 60. Kd4 Ke7 61. b4 {[%cal Bb3b4,Bb4b5,Bb5b6][%mdl 32]} Kd8 62. b5 Kc7 63. Kc5 Kb8 64. b6 Kc8 65. f5 Kb8 66. f6 Kc8 67. Bf5+ Kd8 68. Kd6 {Accuracy: White = 74%, Black = 41%.} (68. Be6 $142 Ke8 69. b7 Kf8 70. b8=Q#) 1-0

[Event "Stay Safe Play From Home 307"]
[Site "Emanuel Lasker Arena"]
[Date "2020.07.16"]
[Round "8"]
[White "AChessPlayer"]
[Black "Greblha"]
[Result "1-0"]
[WhiteElo "2381"]
[BlackElo "1909"]
[Annotator "TA"]
[PlyCount "123"]
[EventDate "2020.07.16"]
[EventType "swiss (blitz)"]

{[%evp 17,123,-3,-5,0,0,-6,9,-4,0,-17,-10,-17,8,0,0,0,0,-19,-27,-41,-25,-14,227,-187,-195,-203,-205,-197,-200,-218,-202,-297,-241,-316,-287,-296,-199,-335,-290,-285,-143,-218,-204,-296,-203,-309,-192,-219,-195,-213,-218,-283,-275,-272,-263,-302,-163,-193,-177,-363,-316,-350,-280,-283,-101,-111,-101,-101,-112,-246,-232,-321,-321,-292,-292,-563,-556,-541,-548,-644,-650,-655,-656,-594,-448,-934,-982,-963,-941,-935,-832,-1021,-984,-1008,-1004,-1285,-832,-29962,-29969,-29968,-29968,-29944,-11730,-5018,-1251,-29978,-29979,-29979]} 1. Nf3 c6 2. g3 d5 3. Bg2 Nf6 4. O-O Bg4 5. d3 e6 6. Nbd2 Be7 7. b3 O-O 8. Bb2 Nbd7 {has lost popularity (8...a5).} 9. c4 Re8 10. Qc2 {A12: English Opening: 1...c6 with b3 by White.} h6 11. Rfe1 {[#]} Bf5 $146 ({Predecessor:} 11... Bf8 12. Rac1 e5 13. h3 Bxf3 14. Bxf3 Qb6 15. Bg2 a5 16. a3 Bd6 17. e3 Qd8 {1-0 (53) Tazbir,M (2516)-Cajzler,H (2135) Lyon 2015}) 12. e4 {The position is equal.} dxe4 13. dxe4 Bg6 14. Rad1 Qa5 15. Bc3 Bb4 16. Bxb4 Qxb4 17. Nh4 Bh7 18. Qb2 Nc5 {Hoping for ...Nd3.} 19. a3 Nd3 $2 (19... Qb6 $1 $11 {and Black stays safe.} 20. Qc3 Red8) 20. axb4 $4 {[%mdl 8192]} ({Much less strong is} 20. Qxf6 $6 Qxa3 21. Qc3 Nxe1 $16) (20. Qb1 $18 {and all is fine.} Qd6 21. Nf1) 20... Nxb2 $19 21. Rb1 Nd3 $1 {[%csl LRb4,LRe1][%mdl 64] [#] Double Attack} 22. Re3 Nxb4 23. Rc1 Red8 24. Nf1 (24. Nhf3 {is a better defense.}) 24... Rd3 25. e5 Rxe3 26. Nxe3 Ne4 27. Nf3 (27. Bxe4 {only move.} Bxe4 28. f3) 27... Rd8 28. Ne1 g5 (28... Nc5 $19 29. Ra1 a6) 29. h4 (29. Ra1 $17) 29... gxh4 30. gxh4 (30. Bxe4 $142 Bxe4 31. gxh4) 30... Kg7 31. Ng4 (31. Bxe4 $142 Bxe4 32. Ng4) 31... Bf5 32. Ne3 a5 33. Nxf5+ exf5 34. Ra1 b6 35. Bxe4 fxe4 {[%mdl 4096] Endgame KRN-KRN} 36. Ng2 f5 (36... Nc2 $142 37. Ra2 Nd4) 37. exf6+ Kxf6 38. Re1 $2 {[#]} (38. c5) 38... Kf5 39. Ne3+ Kf4 40. Ng2+ Kf3 $2 (40... Ke5 $19 {and Black stays clearly on top. And now ...Rd3 would win.} 41. f3 Rd4 42. fxe4 Rxe4) 41. Re3+ $17 Kg4 42. Rxe4+ Kf5 43. Rf4+ (43. f3 $17) 43... Ke5 $19 44. Rg4 Rd1+ 45. Kh2 Rd3 46. Rg6 $2 (46. f4+ {was worth a try.} Ke4 47. h5) 46... Rxb3 47. Rxh6 a4 48. Rh8 {If only White now had time for h5....} a3 49. Ra8 a2 50. Ne3 Rb1 51. h5 (51. Nc2 $142 Nxc2 52. Rxa2) 51... a1=Q 52. Rxa1 Rxa1 53. h6 Ra7 54. Kg3 Rh7 55. Ng4+ Kf5 56. f4 Kg6 57. Kh4 Rxh6+ 58. Kg3 Rh5 59. Kf3 Rc5 (59... Rh3+ $142 60. Ke4 Nd3 61. c5 Nxc5+ 62. Ke5 Rd3 63. f5+ Kg5 64. Nf6 Re3+ 65. Ne4+ Nxe4 66. f6 Nxf6+ 67. Kd6 c5 68. Kc6 c4 69. Kxb6 c3 70. Kc6 c2 71. Kd6 Rd3+ 72. Ke7 c1=Q 73. Kf8 Qc4 74. Ke7 Qc7+ 75. Kf8 Rd8#) 60. Ne3 b5 61. Ke4 Rxc4+ 62. Nxc4 {[%mdl 32768] Accuracy: White = 38%, Black = 49%. . Loss on time!?} 1-0

[Event "Stay Safe Play From Home 307"]
[Site "Emanuel Lasker Arena"]
[Date "2020.07.16"]
[Round "8"]
[White "Tolka"]
[Black "Bishop91"]
[Result "1-0"]
[WhiteElo "2320"]
[BlackElo "1723"]
[Annotator "NA RC"]
[PlyCount "107"]
[EventDate "2020.07.16"]
[EventType "swiss (blitz)"]

1. e4 {[%emt 0:00:01]} e6 {[%emt 0:00:01]} 2. d4 {[%emt 0:00:01]} d5 {[%emt 0:00:00]} 3. exd5 {[%emt 0:00:00]} exd5 {[%emt 0:00:00]} 4. Nf3 {[%emt 0:00:00]} c6 {[%emt 0:00:00]} 5. Bd3 {[%emt 0:00:01]} Be7 {[%emt 0:00:02]} 6. O-O {[%emt 0:00:01]} Nf6 {[%emt 0:00:00]} 7. Re1 {[%emt 0:00:00]} O-O {[%emt 0:00:00]} 8. Bf4 {[%emt 0:00:01]} Re8 {[%emt 0:00:01]} 9. h3 {[%emt 0:00:00]} Nbd7 {[%emt 0:00:03]} 10. Nc3 {[%emt 0:00:01]} Nf8 {[%emt 0:00:01]} 11. Qd2 {[%emt 0:00:01]} Ng6 {[%emt 0:00:01]} 12. Bh2 {[%emt 0:00:01]} Be6 {[%emt 0:00:02]} 13. Ng5 {[%emt 0:00:02]} Bd6 {[%emt 0:00:02]} 14. Nxe6 {[%emt 0:00:02]} Rxe6 {[%emt 0:00:01]} 15. Rxe6 {[%emt 0:00:02]} fxe6 {[%emt 0:00:01]} 16. Re1 {[%emt 0:00:02]} Bxh2+ {[%emt 0:00:02]} 17. Kxh2 {[%emt 0:00:00]} Qd6+ {[%emt 0:00:01]} 18. Kg1 {[%emt 0:00:00]} Re8 {[%emt 0:00:01]} 19. Bxg6 {[%emt 0:00:02]} hxg6 {[%emt 0:00:01]} 20. Qg5 {[%emt 0:00:00]} Kf7 {[%emt 0:00:00]} 21. Re3 {[%emt 0:00:02]} Nh7 {[%emt 0:00:02]} 22. Rf3+ {[%emt 0:00:02]} Nf6 {[%emt 0:00:03]} 23. Rg3 {[%emt 0:00:01]} Rg8 {[%emt 0:00:05]} 24. Qxg6+ {[%emt 0:00:01]} Ke7 {[%emt 0:00:00]} 25. Rf3 {[%emt 0:00:02]} Qb4 {[%emt 0:00:03]} 26. Rxf6 {[%emt 0:00:03]} gxf6 {[%emt 0:00:01]} 27. Qxg8 {[%emt 0:00:01]} Qxb2 {[%emt 0:00:00]} 28. Qg7+ {[%emt 0:00:02]} Kd6 {[%emt 0:00:01]} 29. Qg3+ {[%emt 0:00:02]} e5 {[%emt 0:00:02]} 30. dxe5+ {[%emt 0:00:01]} fxe5 {[%emt 0:00:00]} 31. Kh2 {[%emt 0:00:02]} d4 {[%emt 0:00:03]} 32. Ne4+ {[%emt 0:00:01]} Kd5 {[%emt 0:00:01]} 33. Nf6+ {[%emt 0:00:01]} Kc5 {[%emt 0:00:01]} 34. Qxe5+ {[%emt 0:00:02]} Kb6 {[%emt 0:00:00]} 35. Nd7+ {[%emt 0:00:01]} Ka6 {[%emt 0:00:00]} 36. Nc5+ {[%emt 0:00:01]} Kb6 {[%emt 0:00:01]} 37. Na4+ {[%emt 0:00:02]} Ka6 {[%emt 0:00:01]} 38. Nxb2 {[%emt 0:00:00]} b5 {[%emt 0:00:00]} 39. Qxd4 {[%emt 0:00:01]} Ka5 {[%emt 0:00:00]} 40. Qc5 {[%emt 0:00:01]} a6 {[%emt 0:00:02]} 41. Nc4+ {[%emt 0:00:04]} Ka4 {[%emt 0:00:00]} 42. Qxc6 {[%emt 0:00:00]} Kb4 {[%emt 0:00:02]} 43. Qxa6 {[%emt 0:00:01]} Kc3 {[%emt 0:00:00]} 44. Qxb5 {[%emt 0:00:01]} Kxc2 {[%emt 0:00:01]} 45. Ne5 {[%emt 0:00:01]} Kd2 {[%emt 0:00:01]} 46. a4 {[%emt 0:00:00]} Kc1 {[%emt 0:00:00]} 47. Qd5 {[%emt 0:00:00]} Kb2 {[%emt 0:00:01]} 48. a5 {[%emt 0:00:00]} Ka3 {[%emt 0:00:01]} 49. a6 {[%emt 0:00:00]} Kb2 {[%emt 0:00:00]} 50. a7 {[%emt 0:00:00]} Kc3 {[%emt 0:00:00]} 51. a8=Q {[%emt 0:00:00]} Kc2 {[%emt 0:00:01]} 52. Qac6+ {[%emt 0:00:00]} Kb2 {[%emt 0:00:01]} 53. Qdb5+ {[%emt 0:00:00]} Ka3 {[%emt 0:00:01]} 54. Qca6# {[%emt 0:00:00] (Lag: Av=0.26s, max=0.7s)} 1-0